01010nam a2200337 a 4500003000900000005001700009008004100026020001800067040001300085100002400098245006800122260002400190300001500214490002300229500002900252650002300281650001600304650002400320650002400344650003100368650002800399650002900427653002300456653002700479653002400506700002300530700002200553700004700575800002000622800003000642AR-BaBNM20251128204225.0082120s2002 ||||||||||||||000 | spa|| a84-7774-058-5 cAR-BaBNM1 aAlvermann, Donna E.00aDiscutir para comprender ;bEl uso de la discusión en el aula aMadridbVisorc1990 a93 p.bil. 0aAprendizajevv. 58 aPrefacio de Ira E. Aaron 4aDISCUSION EN GRUPO 4aAPRENDIZAJE 4aCOMUNICACION VERBAL 4aGRUPOS DE DISCUSION 4aACTIVIDADES DE APRENDIZAJE 4aACTIVIDADES DE LA CLASE 4aDESTREZAS LINGÜISTICAS aMETODOS EDUCATIVOS aESTRATEGIAS EDUCATIVAS aCOMPRENSION LECTORA1 aDillon, Deborah R.1 aO'Brien, David G.1 aFernández Bieberach, Patriciaetraductor1 aAlvarez, Amelia1 aRío, Pablo deedirector